| 000 | 00746nam a2200253 i 4500 | ||
|---|---|---|---|
| 001 | 82013 | ||
| 003 | ES-MaACL | ||
| 005 | 20260210162027.0 | ||
| 007 | t| | ||
| 008 | 041118s1998 sp ||||1| spa d | ||
| 020 | _a84-08-02676-3 | ||
| 080 | _a929 Agripina | ||
| 100 | 1 |
_aGrimal, Pierre. _960039 |
|
| 245 | 1 | 0 |
_aMemorias de Agripina / _cPierre Grimal ; versión española de Carmen Gauger. |
| 250 | _a1ª ed. | ||
| 260 |
_aBarcelona : _bEdhasa, _c[1998] |
||
| 300 |
_a321 p. ; _c18 cm. |
||
| 490 | 1 |
_aBooket ; _v318 |
|
| 600 | 1 | 7 |
_aAgripina, _cla Menor, _d15-59 _2 _9164071 |
| 700 | 1 |
_aGauger, Carmen, _d1937- _955999 |
|
| 830 | 0 |
_aBooket ; _v318 _9183721 |
|
| 852 |
_aES-MaACL _jE-10449 _bR.134569 |
||
| 999 |
_c82013 _d82013 |
||